000 00701nam a2200265Ia 4500
003 OSt
005 20221006142443.0
006 a|||||r|||| 00| 0
007 ta
008 221006b |||||||| |||| 00| 0 eng d
020 _c
_4.00
024 _a6,383
037 _cTextual
040 _aEASL
_cEASL
_beng
041 _2eng
_aeng
082 _aY.41.N39, J3
100 _aGALE Esson M
_9647754
245 0 _aSalt for the dargon
_b A personal history of China 1908-1945
260 _aAmerica
_bMichigan State College Press
_c1953
300 _a225p.
_ccm.
490 _v CEL
650 _aCEL
942 _hY.41.N39, J3
_cTEXL
_2CC
999 _c1074469
_d1074469